Lippincott's IIIustrated Reviews immunology / (رقم التسجيلة. 35633)

تفاصيل مارك
000 -الفاتح
حقل البيانات ثابتة الطول 01749cam a22003974a 4500
001 - رقم الضبط
رقم الضبط 13797100
003 - محدد رقم الضبط
رقم الضبط OSt
005 - وقت وتاريخ اخر تعامل مع التسجيلة
رقم الضبط 20150408114224.0
008 - عناصر البيانات ثابتة الطول - معلومات عامة
حقل البيانات ثابتة الطول 041119s2013 mdua b 001 0 eng
010 ## - رقم ضبط مكتبة الكونجرس
رقم ضبط مكتبة الكونجرس 2004027771
020 ## - الرقم الدولى المعيارى للكتب
الرقم الدولى المعيارى للكتاب 9781451111545
035 ## - رقم ضبط النظام
رقم ضبط النظام (DNLM)101234532
040 ## - مصدر الفهرسة
وكالة الفهرسة الأصلية DNLM/DLC
وكالة النسخ DLC
وكالة التعديل DLC
042 ## - رمز التحقق
رمز التحقق pcc
050 00 - رقم طلب مكتبة الكونجرس
رقم التصنيف RC582
رقم المادة .D63 2005
082 00 - رقم تصنيف ديوى العشرى
رقم التصنيف 616.079
رقم الطبعة 22
رقم المادة DTL
100 1# - المدخل الرئيسى - إسم شخصى
الإسم الشخصى Doan, Thao.
9 (RLIN) 46317
245 10 - بيان العنوان
العنوان Lippincott's IIIustrated Reviews immunology /
بيان المسئوليه,etc Thao Doan, Roger Melvold, Carl Waltenbaugh.
250 ## - بيان الطبعة
بيان الطبعة 2nd ed.
260 ## - PUBLICATION, DISTRIBUTION, ETC. (IMPRINT)
مكان الناشر او الموزع Baltimore, MD :
اسم الناشر او الموزع Lippincott Williams & Wilkins,
تاريخ النشر أو التوزيع 2013.
300 ## - الوصف المادى
التعداد xiii, 267 p. :
تفاصيل ماديه اخرى للوعاء ill. ;
أبعاد الوعاء 26 cm.
504 ## - تبصرة ببليوجرافية
تبصرة ببليوجرافية,الخ Includes bibliographical references and index.
505 0# - تبصرة محتويات-الفهرس
تبصرة المحتويات المصاغة Introduction to the immune system: antigens and the concept of self versus nonself -- Cells, sell-surface molecules, and organs -- The innate immune response -- The adaptive immune response -- Protective immune responses -- Immune deficiency -- Hypersensitivity reactions -- Autoimmunity and tolerance -- Transplantation -- Immunotherapy and immunosuppression.
650 #0 - المدخل الاضافى بالموضوع-مصطلح موضوعى
مصطلح موضوعي أو اسم جغرافي كعنصر مدخل Clinical immunology.
9 (RLIN) 46318
650 12 - المدخل الاضافى بالموضوع-مصطلح موضوعى
مصطلح موضوعي أو اسم جغرافي كعنصر مدخل Immune System.
650 22 - المدخل الاضافى بالموضوع-مصطلح موضوعى
مصطلح موضوعي أو اسم جغرافي كعنصر مدخل Immunity.
650 22 - المدخل الاضافى بالموضوع-مصطلح موضوعى
مصطلح موضوعي أو اسم جغرافي كعنصر مدخل Immunologic Factors.
9 (RLIN) 46319
650 22 - المدخل الاضافى بالموضوع-مصطلح موضوعى
مصطلح موضوعي أو اسم جغرافي كعنصر مدخل Immunotherapy.
700 1# - المدخل الاضافى - اسم شخصى
الإسم الشخصى Melvold, Roger.
9 (RLIN) 46320
700 1# - المدخل الاضافى - اسم شخصى
الإسم الشخصى Waltenbaugh, Carl.
9 (RLIN) 46321
856 41 - الوصول و الموقع الالكترونى
مواد محددة Table of contents
معرف المصدر الموحد <a href="http://www.loc.gov/catdir/toc/ecip054/2004027771.html">http://www.loc.gov/catdir/toc/ecip054/2004027771.html</a>
856 42 - الوصول و الموقع الالكترونى
مواد محددة Publisher description
معرف المصدر الموحد <a href="http://www.loc.gov/catdir/enhancements/fy0712/2004027771-d.html">http://www.loc.gov/catdir/enhancements/fy0712/2004027771-d.html</a>
906 ## - عنصر بيانات محلى F, LDF (RLIN)
a 7
b cbc
c orignew
d 1
e ecip
f 20
g y-gencatlg
942 ## - عناصر المدخل الإضافي( كوها)
مصدر التصنيف او مخطط الترفيف Dewey Decimal Classification
Koha [default] item type كتاب
المقتنيات
حالة الفقد نموذج السعر الفعال حالة تلف ليس للاعارة رقم الطلب تاريخ الاكتساب الموقع الحالي الباركود الفرع الرئيسي Date last checked out Date last seen نوع المادة فى نظام كوها مصدر التصنيف او خطة الترفيف Total Checkouts
  2014-07-10     616.079 DTL 2014-07-10 المكتبة المركزية بالمجمعة (CL) 00653656 المكتبة المركزية بالمجمعة (CL) 2024-02-13 2024-02-20 كتاب Dewey Decimal Classification 2
  2014-07-10     616.079 DTL 2014-07-10 المكتبة المركزية بالمجمعة (CL) 00653657 المكتبة المركزية بالمجمعة (CL)   2014-07-10 كتاب Dewey Decimal Classification  
  2014-07-10     616.079 DTL 2014-07-10 المكتبة المركزية بالمجمعة (CL) 00653658 المكتبة المركزية بالمجمعة (CL)   2014-07-10 كتاب Dewey Decimal Classification  
  2014-07-10     616.079 DTL 2014-07-10 مكتبة مجمع الكليات بالزلفى - طلاب (SZM) 00653659 مكتبة مجمع الكليات بالزلفى - طلاب (SZM)   2014-07-10 كتاب Dewey Decimal Classification  
  2014-07-10     616.079 DTL 2014-07-10 مكتبة مجمع الكليات بالزلفى - طلاب (SZM) 00653660 مكتبة مجمع الكليات بالزلفى - طلاب (SZM) 2015-06-08 2017-09-25 كتاب Dewey Decimal Classification 1